[Event "Titled Tue 10th Sep Early"]
[Site "chess.com INT"]
[Date "2024.09.10"]
[Round "2"]
[White "Hayrapetyan,Edgar"]
[Black "Nakamura,Hi"]
[Result "0-1"]
[WhiteElo "2216"]
[BlackElo "2802"]

1.e4 g6 2.d4 Bg7 3.Nc3 c6 4.Bc4 d6 5.Nf3 Nf6 6.O-O Bg4 7.h3 Bxf3 8.Qxf3 Nbd7
9.Be3 O-O 10.Rad1 b5 11.Bb3 Qc7 12.Ne2 c5 13.c3 e5 14.dxc5 Nxc5 15.Bc2 a5
16.Ng3 a4 17.a3 Nfd7 18.Qe2 Qc6 19.h4 h5 20.Bg5 Rfe8 21.Kh2 Nb6 22.Bb1 Nc4
23.Rd5 Ne6 24.Rfd1 Nf4 25.Bxf4 exf4 26.Nf1 Re5 27.Rxe5 Bxe5 28.f3 Bf6 29.Qf2 Qc5
30.Qxc5 dxc5 31.Rd5 Rc8 32.e5 Bxh4 33.Nd2 Nxb2 34.Ne4 b4 35.axb4 cxb4 36.cxb4 a3
37.b5 Na4  0-1

[Event "Titled Tue 10th Sep Late"]
[Site "chess.com INT"]
[Date "2024.09.10"]
[Round "2"]
[White "Toniutti,E"]
[Black "Nakamura,Hi"]
[Result "0-1"]
[WhiteElo "2208"]
[BlackElo "2802"]

1.d4 g6 2.c4 Bg7 3.Nc3 d6 4.e4 Nd7 5.Nf3 b6 6.Be2 e6 7.O-O Ne7 8.Bg5 h6 9.Bh4 g5
10.Bg3 Ng6 11.Qd2 g4 12.Ne1 h5 13.f3 h4 14.Bf2 g3 15.hxg3 hxg3 16.Bxg3 e5
17.Nc2 Bh6 18.Ne3 Qg5 19.Kf2 Nf6 20.Rh1 Nh5 21.Rxh5 Qxh5 22.Ncd5 Kf8 23.Nxc7 Rb8
24.dxe5 dxe5 25.Qd6+ Kg7 26.Ncd5 Bxe3+ 27.Kxe3 Qg5+ 28.Kf2 Be6 29.Nc7 Rbd8
30.Nxe6+ fxe6 31.Qxe6 Rd2 32.Re1 Nf4 33.Qf5 Nd3+ 34.Kg1 Qe3+  0-1

[Event "Titled Tue 10th Sep Late"]
[Site "chess.com INT"]
[Date "2024.09.10"]
[Round "3"]
[White "Nakamura,Hi"]
[Black "Bardyk,Artem"]
[Result "1-0"]
[WhiteElo "2802"]
[BlackElo "2278"]

1.Nf3 d5 2.e3 Nf6 3.c4 e6 4.b3 c5 5.Bb2 Nc6 6.cxd5 exd5 7.Be2 d4 8.Bb5 Bd6
9.Na3 O-O 10.Nc4 Bc7 11.Bxc6 bxc6 12.O-O Bg4 13.h3 Bh5 14.d3 Nd5 15.Re1 Re8
16.Rc1 dxe3 17.fxe3 Nb4 18.Qe2 Qxd3 19.Ba3 Rad8 20.Bxb4 cxb4 21.Qxd3 Rxd3
22.Kf2 f6 23.Nd4 Bf7 24.Nxc6 Bxc4 25.bxc4 Rd2+ 26.Re2 Rxe2+ 27.Kxe2 Bf4 28.Kf3 Bh6
29.Re1 Kf7 30.Nxb4 g6 31.Nd5 Rc8 32.Rc1 Bf8 33.Rb1 Rxc4 34.Rb7+ Ke6 35.Nf4+ Kd6
36.Rxh7 g5 37.Ng6 Rc8 38.Rh8  1-0

[Event "Titled Tue 10th Sep Early"]
[Site "chess.com INT"]
[Date "2024.09.10"]
[Round "3"]
[White "Nakamura,Hi"]
[Black "Hamitevici,V"]
[Result "1-0"]
[WhiteElo "2802"]
[BlackElo "2419"]

1.Nf3 d6 2.d4 g6 3.e4 Bg7 4.Bc4 Nf6 5.Qe2 Nc6 6.e5 dxe5 7.dxe5 Nd5 8.h3 O-O
9.O-O Na5 10.Bd3 c5 11.Rd1 Qc7 12.Be4 e6 13.c4 Ne7 14.Nc3 a6 15.Bf4 Bd7 16.Rd6 Bc6
17.Rad1 Nf5 18.R6d2 Rad8 19.b3 Rxd2 20.Qxd2 b5 21.Qd3 b4 22.Ne2 Bxe4 23.Qxe4 Rd8
24.Rxd8+ Qxd8 25.g4 Ne7 26.Be3 Qc8 27.Nf4 Bf8 28.Nd3 Nb7 29.Ng5 h6 30.Nf3 Qc6
31.Nd2 a5 32.Qxc6 Nxc6 33.Ne4 Kg7 34.f4 g5 35.fxg5 hxg5 36.Nxg5 a4 37.Ne4 Nba5
38.Nd2 a3 39.Kf2 f6 40.exf6+ Kxf6 41.Bxc5 Bxc5+ 42.Nxc5 Nd4 43.Ke3 Nc2+ 44.Ke4 Nc6
45.Nd3 Kg5 46.Nf3+ Kg6 47.h4 Kf6 48.g5+ Kg6 49.Nf4+ Kf7 50.h5 Na1 51.g6+ Kf6
52.h6 Nxb3 53.h7 Nc5+ 54.Ke3 Kg7 55.Nh5+ Kh8 56.Ng5 Ne7 57.g7+  1-0

[Event "Titled Tue 10th Sep Late"]
[Site "chess.com INT"]
[Date "2024.09.10"]
[Round "4"]
[White "Grigoriants,S RUS"]
[Black "Nakamura,Hi"]
[Result "0-1"]
[WhiteElo "2533"]
[BlackElo "2802"]

1.e4 g6 2.d4 Bg7 3.Nc3 c6 4.Nf3 d5 5.h3 dxe4 6.Nxe4 Nf6 7.Nxf6+ exf6 8.Bc4 O-O
9.O-O b5 10.Bb3 Nd7 11.a4 Nb6 12.Re1 a5 13.Bf4 Nd5 14.Qd2 Be6 15.Bh6 Re8
16.Bxg7 Kxg7 17.Nh2 Nc7 18.Bxe6 Nxe6 19.Ng4 h5 20.Qh6+ Kg8 21.Ne3 Qxd4 22.c3 Qf4
23.Qxf4 Nxf4 24.axb5 cxb5 25.Red1 Re5 26.Rd7 a4 27.h4 Kg7 28.g3 Ne6 29.Rad1 f5
30.R1d5 Rxd5 31.Nxd5 a3 32.bxa3 Rxa3 33.Rb7 Rb3 34.Kg2 Nc5 35.Rc7 Nd3 36.Nf4 Nxf4+
37.gxf4 Kf6 38.f3 Ke6 39.Kg3 f6 40.Rc6+ Ke7 41.Kg2 Rb1 42.Kg3 Rb2 43.Kh3 Rb1
44.Kg3 Rb3 45.Kg2 Kd7 46.Rc5 Kd6 47.Rc8 Kd5 48.Kg3 Rb1 49.Kg2 Rc1 50.Kg3 Kd6
51.Rb8 Kc6 52.Rc8+ Kb7 53.Rc5 Kb6 54.Rc8 Rc2 55.Kh3 Ka7 56.Kg3 b4 57.c4 b3
58.Rc5 Rc3 59.Rb5 Ka6 60.Kg2 Rd3 61.Kg3 Re3 62.Kg2 Re2+ 63.Kg3 b2 64.Kh3 Rd2
65.Kg3 Rc2 66.Kh3 Rxc4 67.Rxb2 Rxf4 68.Kg3 Rd4  0-1

[Event "Titled Tue 10th Sep Early"]
[Site "chess.com INT"]
[Date "2024.09.10"]
[Round "4"]
[White "Zakhartsov,Vl"]
[Black "Nakamura,Hi"]
[Result "0-1"]
[WhiteElo "2492"]
[BlackElo "2802"]

1.e4 g6 2.d4 Bg7 3.c4 d6 4.Nc3 Nd7 5.Be3 c5 6.d5 Ngf6 7.h3 O-O 8.Nf3 b5 9.cxb5 a6
10.a4 Ne8 11.Be2 axb5 12.axb5 Rb8 13.O-O Nc7 14.Qd2 Re8 15.Bh6 Bh8 16.Rfe1 Nb6
17.Bf1 Bb7 18.Bf4 Ra8 19.Rad1 Qd7 20.e5 Ncxd5 21.Bg3 Nxc3 22.Qxc3 Qf5 23.Bd3 Qc8
24.Bf1 d5 25.Rc1 Nd7 26.Qd2 Nf8 27.Nd4 Bg7 28.Nb3 Ne6 29.Red1 c4 30.Na5 Rd8
31.b3 Nc5 32.bxc4 d4 33.Nxb7 Qxb7 34.Be2 Qb6 35.Bf3 Ra3 36.Qb2 Rb3 37.Qa2 Rb4
38.Bh4 Kf8 39.Rb1 Ra4 40.Qe2 Bh6 41.Bd5 Rxd5 42.cxd5 d3 43.Bxe7+ Kxe7 44.d6+ Kf8
45.Qf3 Bf4 46.Qc6 Nd7 47.Rxd3 Qd8 48.b6 Ra6 49.Qc7 Qe8 50.Qxd7 Qxd7 51.b7 Bxe5
52.b8=Q+ Kg7 53.Re1 Qf5 54.Qb5 Bh2+ 55.Kh1 Qxb5 56.Red1 Bxd6 57.Rxd6 Rxd6
58.Rxd6 Qb1+ 59.Kh2 Qb8  0-1

[Event "Titled Tue 10th Sep Late"]
[Site "chess.com INT"]
[Date "2024.09.10"]
[Round "5"]
[White "Nakamura,Hi"]
[Black "Oparin,G"]
[Result "0-1"]
[WhiteElo "2802"]
[BlackElo "2662"]

1.Nf3 c5 2.e3 d5 3.b3 a6 4.Bb2 Nc6 5.d4 cxd4 6.Nxd4 e6 7.Nxc6 bxc6 8.Nd2 Nf6
9.c4 Be7 10.Qc2 O-O 11.Bd3 h6 12.O-O a5 13.a3 Ba6 14.e4 Qb6 15.Rfe1 Rfd8
16.Rac1 Rab8 17.cxd5 Bxd3 18.Qxd3 cxd5 19.e5 Ne4 20.Bd4 Qb7 21.Rb1 Nxd2 22.Qxd2 Bxa3
23.Re3 Bb4 24.Qd1 Bf8 25.Ra1 Qb5 26.h3 Bc5 27.Rf3 Bxd4 28.Qxd4 Rd7 29.Ra4 Rdb7
30.Qh4 Qe2 31.Rxa5 Qe1+  0-1

[Event "Titled Tue 10th Sep Early"]
[Site "chess.com INT"]
[Date "2024.09.10"]
[Round "5"]
[White "Nakamura,Hi"]
[Black "Svane,R"]
[Result "1-0"]
[WhiteElo "2802"]
[BlackElo "2629"]

1.Nf3 d5 2.e3 Nf6 3.c4 e6 4.b3 Bd6 5.Bb2 O-O 6.g3 dxc4 7.bxc4 Nc6 8.d4 Bb4+
9.Bc3 Qe7 10.Bxb4 Qxb4+ 11.Nbd2 b6 12.Bg2 Bb7 13.O-O Na5 14.Qc2 Qe7 15.e4 Rfd8
16.d5 Nd7 17.Rfe1 Nc5 18.Nb3 Naxb3 19.axb3 a5 20.Nd4 Rac8 21.Rad1 g6 22.e5 Qe8
23.dxe6 fxe6 24.Bxb7 Nxb7 25.h4 Nc5 26.Nb5 Qe7 27.Nd4 Rd7 28.Nf3 Rcd8 29.Nh2 Kg7
30.Ng4 Rxd1 31.Rxd1 Rxd1+ 32.Qxd1 Qd7 33.Qc1 Qe7 34.Qe3 Nd7 35.h5 g5 36.h6+ Kg8
37.Nf6+  1-0

[Event "Titled Tue 10th Sep Early"]
[Site "chess.com INT"]
[Date "2024.09.10"]
[Round "6"]
[White "Pranesh,M"]
[Black "Nakamura,Hi"]
[Result "0-1"]
[WhiteElo "2580"]
[BlackElo "2802"]

1.e4 c5 2.Nf3 e6 3.d4 cxd4 4.Nxd4 a6 5.Bd3 Bc5 6.Nb3 Ba7 7.Qg4 Nf6 8.Qg3 d6
9.c4 e5 10.Nc3 Be6 11.O-O O-O 12.Be3 Bxe3 13.Qxe3 Nbd7 14.Nd5 a5 15.a4 Rc8
16.f3 Nh5 17.Rfc1 Nc5 18.Bf1 b6 19.Nd2 g6 20.Rd1 Bxd5 21.cxd5 f5 22.exf5 gxf5
23.Nc4 Kh8 24.Rab1 Nf4 25.g3 Ng6 26.f4 exf4 27.gxf4 Qf6 28.Qd4 Qxd4+ 29.Rxd4 Ne4
30.Nxb6 Rc7 31.Bb5 Nxf4 32.Kf1 Rc2 33.Bd7 Rxh2 34.Rbd1 Rh1+  0-1

[Event "Titled Tue 10th Sep Late"]
[Site "chess.com INT"]
[Date "2024.09.10"]
[Round "6"]
[White "Nakamura,Hi"]
[Black "Dudin,Gleb"]
[Result "1-0"]
[WhiteElo "2802"]
[BlackElo "2545"]

1.Nf3 Nf6 2.g3 g6 3.b3 Bg7 4.Bb2 O-O 5.Bg2 d6 6.d4 Ne4 7.Nbd2 d5 8.Ne5 Nxd2
9.Qxd2 c6 10.O-O Nd7 11.Nd3 a5 12.c4 Nf6 13.cxd5 Nxd5 14.e4 Nc7 15.Qe3 Nb5
16.e5 a4 17.Nc5 a3 18.Bc3 Ra7 19.Rad1 b6 20.Na4 Bg4 21.Rd2 Qc7 22.Ba1 Rd8
23.Rc1 Qb8 24.Rxc6 Nc7 25.Rxb6 Qc8 26.Rc6 Qb8 27.Nc3 Bd7 28.Rc4 h5 29.d5 Bf5
30.h3 Ra5 31.f4 Na6 32.Rdd4 Bf8 33.Kh2 Bh6 34.b4  1-0

[Event "Titled Tue 10th Sep Early"]
[Site "chess.com INT"]
[Date "2024.09.10"]
[Round "7"]
[White "Nakamura,Hi"]
[Black "Nepomniachtchi,I"]
[Result "0-1"]
[WhiteElo "2802"]
[BlackElo "2755"]

1.e4 c5 2.f4 d5 3.Bb5+ Bd7 4.Bxd7+ Qxd7 5.d3 e6 6.Qe2 Nc6 7.c3 O-O-O 8.Nf3 Bd6
9.e5 Bc7 10.d4 cxd4 11.cxd4 Nge7 12.Na3 Kb8 13.Be3 Ba5+ 14.Kf1 f6 15.g3 h6
16.Kg2 Nf5 17.Bf2 Bb6 18.Rad1 g5 19.fxg5 fxg5 20.h3 Rhg8 21.g4 Nfe7 22.Bg3 Ng6
23.Rhf1 Rdf8 24.Kh2 Nf4 25.Qe3 h5 26.Nxg5 Rxg5 27.Rxf4 Rfg8 28.Rdf1 a6 29.Rf8+ Ka7
30.R1f7 Ne7 31.Rxg8 Rxg8 32.Bh4 Nf5 33.Rxd7 Nxe3 34.Bf2 Bxd4 35.Bxe3 Bxe3
36.Kg3 hxg4 37.hxg4 Bd4 38.Re7 Bxe5+ 39.Kf3 Bxb2 40.Nc2 e5 41.Ne3 e4+ 42.Ke2 d4
43.Nc4 Rxg4 44.Nd6 d3+ 45.Ke3 Bc1+ 46.Kf2 d2 47.Rxb7+ Ka8 48.Rd7 e3+  0-1

[Event "Titled Tue 10th Sep Late"]
[Site "chess.com INT"]
[Date "2024.09.10"]
[Round "7"]
[White "Mekhitarian,K"]
[Black "Nakamura,Hi"]
[Result "0-1"]
[WhiteElo "2560"]
[BlackElo "2802"]

1.Nf3 g6 2.e4 Bg7 3.d4 d6 4.c4 e6 5.Nc3 Nd7 6.Bd3 b6 7.O-O Ne7 8.Re1 h6 9.Be3 g5
10.Rc1 a6 11.b4 Ng6 12.h3 O-O 13.a4 a5 14.b5 Bb7 15.Bf1 Qe7 16.Nh2 Rae8 17.f3 f5
18.exf5 exf5 19.Bf2 Qd8 20.Nd5 Nf6 21.Nxf6+ Qxf6 22.Bd3 Nf4 23.Bf1 Ne6 24.c5 Bd5
25.cxd6 cxd6 26.Bc4 Nc7 27.Bxd5+ Nxd5 28.Qb3 Qf7 29.Rxe8 Rxe8 30.Nf1 Nb4
31.Qxf7+ Kxf7 32.Rc7+ Kg6 33.d5 Nxd5 34.Rc6 Re6 35.Nd2 Nc3 36.Rxb6 Nxa4 37.Rc6 Re7
38.Rxd6+ Kh7 39.Nc4 Rc7 40.Nxa5 Rc1+ 41.Kh2 Be5+ 42.Bg3 Bxd6 43.Bxd6 Rb1
44.Nc6 Rxb5 45.Bg3 Nc3 46.Nd4 Rd5 47.Nc6 Ne2 48.Bf2 f4 49.Nb4 Rd1 50.h4 Kg6
51.hxg5 hxg5 52.Nc6 Kf6 53.Nb4 Kf5 54.Nc2 Rd8 55.g4+ Ke5 56.Kg2 Rd2 57.Na3 Ra2
58.Nc4+ Kd5 59.Nb6+ Ke6 60.Nc4 Nc3 61.Nb6 Nd1  0-1

[Event "Titled Tue 10th Sep Late"]
[Site "chess.com INT"]
[Date "2024.09.10"]
[Round "8"]
[White "Ashraf,Artin"]
[Black "Nakamura,Hi"]
[Result "0-1"]
[WhiteElo "2388"]
[BlackElo "2802"]

1.d4 g6 2.Bf4 Bg7 3.e3 d6 4.Nf3 Nd7 5.h3 b6 6.Be2 Ngf6 7.a4 a6 8.O-O Bb7
9.Bh2 O-O 10.Nbd2 Re8 11.Nc4 c5 12.c3 Qc7 13.Na3 Bc6 14.b4 Qb7 15.Qb3 Bd5
16.Qb2 cxb4 17.cxb4 Ne4 18.Rfc1 h6 19.Bf1 f5 20.Nd2 Nef6 21.b5 a5 22.Nac4 Kh8
23.Ra3 Rad8 24.Rac3 Qb8 25.Be2 e5 26.R3c2 f4 27.dxe5 dxe5 28.Qa3 g5 29.Bf3 Bxf3
30.Nxf3 Ne4 31.Nfd2 Nec5 32.e4 Ne6 33.Nd6 Bf8 34.Rc6 Nf6 35.N2c4 Nxe4 36.Qa1 Nxd6
37.Rxb6 Qa8 38.Qxe5+ Ng7  0-1

[Event "Titled Tue 10th Sep Early"]
[Site "chess.com INT"]
[Date "2024.09.10"]
[Round "8"]
[White "Nakamura,Hi"]
[Black "Aravindh,Chithambaram VR."]
[Result "1-0"]
[WhiteElo "2802"]
[BlackElo "2698"]

1.e4 c6 2.d3 d5 3.Qe2 g6 4.Nf3 Bg7 5.g3 e5 6.exd5 Ne7 7.dxc6 Nbxc6 8.Bg2 O-O
9.O-O h6 10.Na3 Re8 11.Nc4 Nd5 12.c3 Bf5 13.Rd1 Qd7 14.Nfd2 b5 15.Ne4 Nf4
16.gxf4 bxc4 17.dxc4 Qc7 18.Nd6 Re6 19.c5 e4 20.Be3 Bf8 21.Nxf5 gxf5 22.Bh3 Ne7
23.Kh1 Rg6 24.Qh5 Qc8 25.Rd6 Rb8 26.b4 a5 27.a3 Bg7 28.Rc1 axb4 29.cxb4 Ra8
30.Rcd1 Qc7 31.Rd7 Qc6 32.Rxe7 Rxa3 33.Bxf5 Qa4  1-0

[Event "Titled Tue 10th Sep Early"]
[Site "chess.com INT"]
[Date "2024.09.10"]
[Round "9"]
[White "Mahdavi,Reza"]
[Black "Nakamura,Hi"]
[Result "1/2-1/2"]
[WhiteElo "2394"]
[BlackElo "2802"]

1.e4 c5 2.Nf3 e6 3.d4 cxd4 4.Nxd4 a6 5.c4 Bc5 6.Nc3 d6 7.Be3 Qc7 8.Be2 Nf6
9.O-O O-O 10.Qd2 b6 11.f3 e5 12.Nc2 Be6 13.a3 Nc6 14.Rac1 Na5 15.Na1 Nxc4
16.Bxc4 Bxc4 17.Rfd1 b5 18.Kh1 Bxe3 19.Qxe3 Qe7 20.Qb6 Rfd8 21.Nc2 Qa7 22.Qxa7 Rxa7
23.Ne3 Bb3 24.Rd3 Rc7 25.Re1 Be6 26.Red1 Rc6 27.g4 g6 28.R1d2 h6 29.Nc2 Rb6
30.Ne3 Kf8 31.Kg1 Ke7 32.Kf2 a5 33.b4 axb4 34.axb4 Rc8 35.h4 g5 36.hxg5 hxg5
37.Kg3 Rcc6 38.Rd1 Rb8 39.Ra1 Rb7 40.Ra5 Rcb6 41.Ra8 Rc7 42.Ra5 Rbc6 43.Nxb5 Rb7
44.Nc3 Rxb4 45.Ra7+ Kf8 46.Ra8+ Kg7 47.Ncd5 Rb1 48.Ne7 Rg1+ 49.Kf2 Rcc1 50.N3f5+ Kh7
51.Rxd6 Rcf1+ 52.Ke2 Bc4+ 53.Kd2 Be6 54.Ke2 Re1+ 55.Kf2 Ref1+ 56.Ke2  1/2-1/2

[Event "Titled Tue 10th Sep Late"]
[Site "chess.com INT"]
[Date "2024.09.10"]
[Round "9"]
[White "Nakamura,Hi"]
[Black "Bortnyk,Olexandr"]
[Result "1-0"]
[WhiteElo "2802"]
[BlackElo "2608"]

1.Nf3 Nf6 2.g3 b6 3.Bg2 Bb7 4.c4 g6 5.d4 Bg7 6.O-O O-O 7.Bf4 e6 8.Qc2 Na6
9.Nc3 d5 10.cxd5 Nb4 11.Qb3 Nbxd5 12.Ne5 Nxc3 13.bxc3 Bxg2 14.Kxg2 c5 15.Nf3 Rc8
16.Rac1 Qe7 17.Rfd1 Rfd8 18.Be5 Ne4 19.a4 Qb7 20.Bxg7 Kxg7 21.Kg1 Qa6 22.c4 cxd4
23.Nxd4 Nc5 24.Qe3 Qxa4 25.h4 h5 26.Kh2 a5 27.Rd2 Qe8 28.Rb2 e5 29.Nf3 e4
30.Ng5 Rc6 31.Rcb1 Rdd6 32.Nh3 Qe5 33.Nf4 Ne6 34.Rb5 Qf6 35.Nd5 Qd4 36.Nxb6 Qxe3
37.fxe3 a4 38.Nxa4 Rxc4 39.R5b4 Rc2 40.R1b2 Rdd2 41.Rxc2 Rxc2 42.Rxe4 Rxe2+
43.Kg1 Kf6 44.Nc3 Rc2 45.Nd5+ Kf5 46.Rb4 Ke5 47.Nb6 Kf5 48.Nc4 Ra2 49.Nd6+ Ke5
50.Nxf7+ Kd5 51.Nh8 Nc5 52.Nxg6 Ne4 53.Rd4+ Ke6 54.Rxe4+ Kf5 55.Re5+ Kg4
56.Nf4 Kxg3 57.Nxh5+ Kf3 58.Nf6 Kg3 59.Rg5+ Kf3 60.h5 Ra1+ 61.Kh2 Ra2+ 62.Kh3 Ra1
63.Rg3+ Kf2 64.Kg4 Ra4+ 65.e4 Ra6 66.Rf3+ Kg2 67.h6 Ra8 68.h7 Rh8 69.Rg3+ Kf2
70.Rh3 Kg2 71.e5  1-0

[Event "Titled Tue 10th Sep Early"]
[Site "chess.com INT"]
[Date "2024.09.10"]
[Round "10"]
[White "Nakamura,Hi"]
[Black "Gorodetzky,David"]
[Result "1-0"]
[WhiteElo "2802"]
[BlackElo "2497"]

1.Nf3 Nf6 2.e3 b6 3.g3 Bb7 4.Bg2 g6 5.d4 Bg7 6.b3 c5 7.O-O O-O 8.Bb2 d6 9.c4 cxd4
10.exd4 d5 11.Ne5 Nc6 12.Nc3 e6 13.cxd5 Nxd5 14.Nxd5 exd5 15.Qd2 Rc8 16.Rfe1 Qd6
17.Re3 Bh6 18.f4 Ne7 19.Bh3 Rc7 20.a4 Qd8 21.Ba3 Bg7 22.Nd7 Bc8 23.Bxe7  1-0

[Event "Titled Tue 10th Sep Late"]
[Site "chess.com INT"]
[Date "2024.09.10"]
[Round "10"]
[White "Carlsen,M"]
[Black "Nakamura,Hi"]
[Result "1/2-1/2"]
[WhiteElo "2832"]
[BlackElo "2802"]

1.Nf3 d5 2.g3 g6 3.Bg2 Bg7 4.O-O e5 5.d3 Ne7 6.e4 dxe4 7.dxe4 O-O 8.Qe2 c6
9.Rd1 Qc7 10.b3 c5 11.Be3 b6 12.Nc3 Ba6 13.Nb5 Qc8 14.a4 Nbc6 15.c3 Qb7 16.h4 h6
17.Bf1 Rad8 18.Rxd8 Rxd8 19.Rd1 Qb8 20.Rxd8+ Qxd8 21.Qd2 Qxd2 22.Nxd2 Bc8
23.Bc4 Bd7 24.Nd6 Nd8 25.f3 Nec6 26.Kf2 Bf8 27.Nb5 h5 28.Bd5 Kg7 29.Nc4 f6
30.Ke2 Be7 31.Kd3 g5 32.Bf2 Kg6 33.Ne3 gxh4 34.gxh4 Bf8 35.Nc7 Bd6 36.Nb5 Bf8
37.Ke2 Be7 38.Bg3 Bf8 39.f4 exf4 40.Bxf4 Be7 41.Bg3 Bf8 42.Bc7 Ne6 43.Bh2 Ned8
44.Bg3 Be7 45.Kf2 Bf8 46.Kf3 Be7 47.Nf5 Bf8 48.Bf4 Be8 49.Nc7 Bd7 50.Nb5 Bc8
51.Nbd6 Bd7 52.Nb5  1/2-1/2

[Event "Titled Tue 10th Sep Late"]
[Site "chess.com INT"]
[Date "2024.09.10"]
[Round "11"]
[White "Martinez Alcantara,Jose Eduardo"]
[Black "Nakamura,Hi"]
[Result "0-1"]
[WhiteElo "2607"]
[BlackElo "2802"]

1.e4 e5 2.Nf3 Nc6 3.Nc3 Nf6 4.h3 Bb4 5.a3 Bxc3 6.dxc3 d6 7.Bd3 h6 8.Qe2 Qe7
9.Be3 b6 10.O-O-O Bb7 11.Nd2 O-O-O 12.Rhe1 Kb8 13.f3 Rc8 14.a4 Nd8 15.a5 Ne6
16.Bc4 Rhd8 17.Bf2 Nf4 18.Qf1 Nd7 19.g3 Ne6 20.Bg1 g5 21.Ba2 Rf8 22.g4 Nf4
23.Bc4 h5 24.a6 Ba8 25.Be3 Rh8 26.Bxf4 gxf4 27.Nb3 Rcd8 28.Kb1 h4 29.Bd5 c6
30.Bc4 Nf6 31.Bd3 Nh7 32.Qf2 Ng5 33.Bf1 c5 34.Nd2 Bc6 35.Nc4 Kc7 36.Na3 Kb8
37.Qg2 d5 38.exd5 Bxd5 39.Qf2 f6 40.Rd3 Bc6 41.Red1 Kc7 42.c4 Nxf3 43.Nb5+ Bxb5
44.cxb5 Ng5 45.Rd5 Rxd5 46.Rxd5 Rd8 47.Rxd8 Qxd8 48.Ka2 Qd5+ 49.b3 f3 50.Qxh4 e4
51.Qh6 Qf7 52.Bc4 Qe7 53.h4 Ne6 54.Qe3 Nd4 55.Bd3 f5 56.gxf5 Nxf5 57.Qxe4 Qxe4
58.Bxe4 f2 59.Bd3 Nxh4 60.Kb2 Nf3 61.b4 Nh2 62.bxc5 bxc5 63.Kc3 f1=Q 64.Bxf1 Nxf1
65.Kd3 Kb6 66.c4 Ng3 67.Kc3 Nf5 68.Kd3 Nd6 69.Kc3 Nxb5+ 70.Kb3 Nd6 71.Kc3 Kxa6
72.Kb3 Kb6 73.Kc3 a6 74.Kb3 Kc6 75.Kc3 a5 76.Kb3 Kb6 77.Kc3 a4 78.Kb2 Nxc4+
79.Kc3 Kb5 80.Kc2 Nb6 81.Kb1 c4 82.Ka2 Kb4 83.Kb1 c3 84.Ka2 Kc4 85.Kb1 Kd3
86.Ka2 c2 87.Kb2 a3+ 88.Ka2 c1=Q 89.Kb3 Qb2+  0-1

[Event "Titled Tue 10th Sep Early"]
[Site "chess.com INT"]
[Date "2024.09.10"]
[Round "11"]
[White "Materia,Marco"]
[Black "Nakamura,Hi"]
[Result "0-1"]
[WhiteElo "2457"]
[BlackElo "2802"]

1.Nf3 g6 2.c4 Bg7 3.Nc3 d6 4.d4 Nd7 5.Bg5 a6 6.e3 Ngf6 7.Be2 h6 8.Bh4 g5
9.Bg3 Nh5 10.Qc2 e6 11.Nd2 Nxg3 12.hxg3 c5 13.d5 Nf6 14.dxe6 Bxe6 15.O-O-O Qe7
16.Nde4 O-O-O 17.Nxf6 Qxf6 18.f4 Kb8 19.Ne4 Qe7 20.Bf3 g4 21.Be2 Bf5 22.Bd3 d5
23.Nxc5 Qxe3+ 24.Kb1 Bxd3 25.Nxd3 dxc4 26.Qxc4 Qxg3 27.Qxf7 Bd4 28.Ne1 Bf2
29.Nc2 Qxg2 30.f5 Qf3 31.Rc1 g3 32.Rh3 Qg4 33.Rhh1 g2 34.Rhe1 Bxe1 35.Nxe1 g1=Q
36.Qc7+  0-1

[Event "Titled Tue 17th Sep Late"]
[Site "chess.com INT"]
[Date "2024.09.17"]
[Round "1"]
[White "Stevik,Patrik Jun."]
[Black "Nakamura,Hi"]
[Result "0-1"]
[WhiteElo "2254"]
[BlackElo "2802"]

1.d4 g6 2.c4 Bg7 3.Nc3 d6 4.e4 c5 5.Be3 cxd4 6.Bxd4 Nf6 7.Be2 Nc6 8.Be3 Qa5
9.Qd2 Ng4 10.Bxg4 Bxg4 11.Rc1 Rc8 12.f3 Bd7 13.Nge2 a6 14.O-O O-O 15.b3 Be6
16.Rfd1 b5 17.cxb5 axb5 18.Nd5 Qxd2 19.Rxd2 Bxd5 20.Rxd5 b4 21.Rd2 Ne5 22.Rdc2 Ra8
23.Bd4 Bh6 24.Rd1 Ra6 25.Bxe5 dxe5 26.Kf2 Rfa8 27.Ra1 e6 28.Rc4 Bd2 29.Rc2 Rd6
30.Rd1 Be3+ 31.Ke1 Bf2+ 32.Kxf2 Rxd1 33.Nc1 Rad8 34.Ke2 Rg1 35.Ke3 Rgd1 36.Ke2 f5
37.g3 f4  0-1

[Event "Titled Tue 17th Sep Early"]
[Site "chess.com INT"]
[Date "2024.09.17"]
[Round "1"]
[White "Nakamura,Hi"]
[Black "Stamatiou,Rodolfos"]
[Result "1-0"]
[WhiteElo "2802"]
[BlackElo "2308"]

1.b3 e5 2.Bb2 Nc6 3.e3 g6 4.g3 Bg7 5.Bg2 Nge7 6.Ne2 O-O 7.O-O d6 8.d4 f5
9.c4 Kh8 10.Nbc3 g5 11.dxe5 Nxe5 12.Qd2 N7g6 13.f4 gxf4 14.exf4 Ng4 15.Nd5 c6
16.Bxg7+ Kxg7 17.Qd4+ Nf6 18.Ndc3 Qb6 19.Rad1 Re8 20.Qxb6 axb6 21.Rxd6 Ne4
22.Nxe4 fxe4 23.f5 Rxa2 24.Nc1 Rxg2+ 25.Kxg2 Ne5 26.h3 h5 27.Ne2 Rf8 28.Nd4 Kf7
29.Rf4 Ke7 30.Rh6 Nd3 31.Rxe4+ Kd8 32.Rxh5  1-0

[Event "Titled Tue 17th Sep Early"]
[Site "chess.com INT"]
[Date "2024.09.17"]
[Round "2"]
[White "Dann,M"]
[Black "Nakamura,Hi"]
[Result "0-1"]
[WhiteElo "2458"]
[BlackElo "2802"]

1.e4 c6 2.Nf3 d5 3.Nc3 Bg4 4.d4 dxe4 5.Nxe4 Nf6 6.Nxf6+ gxf6 7.Bc4 e6 8.O-O Nd7
9.h3 Bh5 10.Re1 Nb6 11.Bxe6 fxe6 12.Rxe6+ Be7 13.Qe2 Kf7 14.g4 Bg6 15.Bh6 Re8
16.Re1 Bf8 17.Ng5+ Kg8 18.Bxf8 Rxf8 19.Ne4 Nd5 20.Nd6 Nf4 21.Qc4 Nxe6 22.Qxe6+ Kh8
23.h4 Qa5 24.h5 Bxh5 25.gxh5 Qxh5  0-1

[Event "Titled Tue 17th Sep Late"]
[Site "chess.com INT"]
[Date "2024.09.17"]
[Round "2"]
[White "Nakamura,Hi"]
[Black "Ghevondyan,Arman"]
[Result "1-0"]
[WhiteElo "2802"]
[BlackElo "2216"]

1.e4 c5 2.Nf3 Nc6 3.c3 d5 4.e5 Bf5 5.d4 e6 6.Be3 cxd4 7.Nxd4 Nxd4 8.Bxd4 Ne7
9.Nd2 Nc6 10.Bb5 Be7 11.Bxc6+ bxc6 12.b4 a5 13.a3 O-O 14.O-O c5 15.bxc5 Qc7
16.Re1 Bxc5 17.Bxc5 Qxc5 18.Re3 Rfc8 19.h4 d4 20.Nb3 Qe7 21.Nxd4 Qxh4 22.Nxf5 exf5
23.e6 fxe6 24.Rxe6 Ra7 25.Qd5 Rf7 26.Rae1 Rcf8 27.Re8 g6 28.Rxf8+ Kxf8 29.Qxa5 Kg7
30.a4 Qc4 31.Qb4 Qc6 32.a5 f4 33.Ra1 f3 34.a6 fxg2 35.Qd4+ Kh6 36.a7 Qa8
37.c4 Rf5 38.Qe3+ Kg7 39.c5 Rh5 40.f3 Rh1+ 41.Kxg2 Rxa1 42.Qe5+ Kh6 43.Qxa1 Kh5
44.c6 g5 45.Qh1+ Kg6 46.Qb1+ Kh6 47.c7 Qc8 48.Qb8 Qe6 49.Qb2 g4 50.a8=Q gxf3+
51.Qxf3 Qg4+ 52.Kf2 Qh4+ 53.Ke2  1-0

[Event "Titled Tue 17th Sep Early"]
[Site "chess.com INT"]
[Date "2024.09.17"]
[Round "3"]
[White "Nakamura,Hi"]
[Black "Kobalia,M"]
[Result "1-0"]
[WhiteElo "2802"]
[BlackElo "2543"]

1.e4 c5 2.f4 Nc6 3.Nf3 g6 4.c3 d5 5.e5 Bg4 6.h3 Bxf3 7.Qxf3 e6 8.Bb5 Ne7
9.d3 a6 10.Ba4 b5 11.Bc2 h5 12.g3 Nf5 13.Nd2 Be7 14.O-O Rc8 15.Qf2 Qd7 16.Nf3 d4
17.c4 Kf8 18.b3 Kg7 19.a3 Rb8 20.Re1 a5 21.Bd2 b4 22.axb4 cxb4 23.Kh2 Bc5
24.Ng5 Ne3 25.Bd1 Ne7 26.Ne4 Qc7 27.Ra2 N7f5 28.Be2 Ra8 29.Rea1 Bb6 30.Kg1 Qd8
31.Bf3 Ra7 32.Be1 Qe7 33.Qe2 Rc8 34.Bf2 Rh8 35.Ra4 Rc8 36.R1a2 Rac7 37.Qe1 Ra7
38.g4 hxg4 39.hxg4 Rh8 40.gxf5 exf5 41.Ng5 Rh6 42.Bg3 Qd8 43.Rh2 Rxh2 44.Bxh2 Qe7
45.Bg3 Qd8 46.Bh4 Qh8 47.Ne4  1-0

[Event "Titled Tue 17th Sep Late"]
[Site "chess.com INT"]
[Date "2024.09.17"]
[Round "3"]
[White "Pyrih,Roman"]
[Black "Nakamura,Hi"]
[Result "0-1"]
[WhiteElo "2414"]
[BlackElo "2802"]

1.e4 c6 2.d4 d5 3.e5 Bf5 4.Nf3 e6 5.Be2 Ne7 6.O-O Nd7 7.a4 h6 8.a5 c5 9.c3 a6
10.Nbd2 Nc6 11.Re1 Be7 12.c4 Nb4 13.Qa4 Nc2 14.cxd5 Nxe1 15.Nxe1 exd5 16.dxc5 O-O
17.b4 Nxe5 18.Bb2 Bf6 19.Rd1 Nc6 20.Ba3 Nd4 21.Bf1 Bd7 22.b5 axb5 23.Qb4 Qxa5
24.Qxa5 Rxa5 25.Bb4 Ra4 26.Rb1 Bc6 27.Nef3 Nc2  0-1

[Event "Titled Tue 17th Sep Late"]
[Site "chess.com INT"]
[Date "2024.09.17"]
[Round "4"]
[White "Nakamura,Hi"]
[Black "Khlebovich,A"]
[Result "1-0"]
[WhiteElo "2802"]
[BlackElo "2423"]

1.e4 c5 2.Nf3 d6 3.c3 Nf6 4.Bd3 g6 5.Bc2 Bg7 6.d4 O-O 7.O-O e6 8.Qe2 Nc6
9.Rd1 cxd4 10.cxd4 b5 11.Qxb5 Qc7 12.Ba4 Bd7 13.Qe2 Nxd4 14.Nxd4 Bxa4 15.b3 Bd7
16.Bb2 Rfd8 17.Nc3 Rac8 18.Ndb5 Bxb5 19.Nxb5 Qb6 20.Rac1 Rxc1 21.Rxc1 Nxe4
22.Bxg7 Kxg7 23.Qxe4 Qxb5 24.g3 a5 25.Rc7 Rd7 26.a4  1-0

[Event "Titled Tue 17th Sep Early"]
[Site "chess.com INT"]
[Date "2024.09.17"]
[Round "4"]
[White "Bardyk,Artem"]
[Black "Nakamura,Hi"]
[Result "0-1"]
[WhiteElo "2278"]
[BlackElo "2802"]

1.e4 c6 2.d4 d5 3.exd5 cxd5 4.Bd3 Nf6 5.h3 g6 6.Bf4 Nc6 7.c3 Bf5 8.Be2 h6
9.Nf3 g5 10.Bh2 e6 11.Nbd2 Bd6 12.Bxd6 Qxd6 13.Bb5 Nd7 14.g4 Bg6 15.h4 O-O-O
16.Qa4 Nb6 17.Qa3 Qxa3 18.bxa3 f6 19.Nb3 Nd7 20.Nfd2 e5 21.f3 Kc7 22.Kf2 a6
23.Bxc6 bxc6 24.c4 Bf7 25.Rac1 exd4 26.cxd5 Ne5 27.Nc5 Bxd5 28.Nxa6+ Kd6
29.Kg3 Nd3 30.Rb1 Ra8 31.Nb4 Rxa3 32.hxg5 fxg5 33.Nxd5 Kxd5 34.Ne4 Ne5 35.Nxg5 c5
36.Rbe1 Rg8 37.Ne4 Rxg4+ 38.Kh2 Nxf3+ 39.Kh3  0-1

[Event "Titled Tue 17th Sep Late"]
[Site "chess.com INT"]
[Date "2024.09.17"]
[Round "5"]
[White "Aravindh,Chithambaram VR."]
[Black "Nakamura,Hi"]
[Result "0-1"]
[WhiteElo "2698"]
[BlackElo "2802"]

1.b3 c5 2.Bb2 Nc6 3.Nf3 d5 4.e3 f6 5.d4 Bg4 6.Nbd2 e6 7.c4 cxd4 8.exd4 Bd6
9.Be2 Nge7 10.O-O Qd7 11.Re1 O-O 12.Bf1 Bb4 13.Re3 Nf5 14.Rd3 dxc4 15.bxc4 Bxd2
16.Qxd2 Bxf3 17.gxf3 Qf7 18.Re1 Rad8 19.d5 exd5 20.cxd5 Ne5 21.Bxe5 fxe5
22.Rxe5 Nh4 23.f4 Ng6 24.Rg5 Nxf4 25.Rdg3 g6 26.d6 Qf6 27.d7 Rf7 28.Bc4 Qa1+
29.Bf1 Rdxd7 30.Qe3 Rde7 31.Qd2 Re1 32.Qd8+ Kg7  0-1